Rendez-vous news

Bibliographic Details
Previous Title:Rendez-vous
Other Authors: Marešová, Andrea (Publishing director)
Format: Journal
Language:Slovak
PhysicalDescription:zv. 39 cm
Published: Nitra Mlyny 2011-
Subjects:
Online Access:http://mlyny-nitra.sk/casopis

MARC

LEADER 00000cas a2200000 a 4500
001 vtls010265728
003 SK-MaSNL
005 20260228161515.0
008 110322c20119999xo mr|p 0 b0slo
040 |a SNK  |b slo  |c SNK  |e AACR2 
041 0 |a slo 
044 |a xo  |c SK 
072 7 |a 339  |x Obchod  |2 konspekt 
080 |a 339.17  |2 2011 
080 |a 050  |2 2011 
080 |a 339.372.2  |2 2011 
080 |a (085.3)  |2 2011 
080 |a (036)  |2 2011 
245 0 0 |a Rendez-vous news 
260 |a Nitra  |b Mlyny  |c 2011- 
300 |a zv.  |c 39 cm 
310 |a 1x mesačne 
362 0 |a Február 2011- 
500 |a Informačný časopis nákupno-zábavného centra Galéria MLYNY, Nitra 
500 |a Evidenčné číslo: EV 4245/11 
500 |a Šéfredaktor: Andrea Marešová 
515 |a Sept./2011 označený ako aug./2011 
525 |a Príloha: Rendez-vous fashion 
610 2 7 |a Galéria MLYNY ( obchodné centrum : Nitra, Slovensko)  |2 SNKKA  |9 268756 
650 0 7 |a nákupné centrá  |2 SNKPH  |9 79092 
655 7 |a firemné časopisy  |2 SNKPH  |9 76220 
655 7 |a informačné publikácie  |2 SNKPH  |9 70181 
700 1 |a Marešová, Andrea  |4 pbd  |9 268757 
770 0 |t Rendez-vous fashion 
780 0 0 |t Rendez-vous 
856 4 1 |u http://mlyny-nitra.sk/casopis 
910 |a snk 
999 |c 5603  |d 7533 
952 |0 0  |1 0  |4 0  |7 0  |8 0  |a SNK  |b SNK  |d 2019-10-22  |i snk2019/26881  |l 0  |o snkČSA 1488/2011  |p 17A1384055  |r 2026-02-21 22:00:28  |t č. febr.-dec.  |w 2026-02-21  |y PREZ  |z Sept. označený ako aug. 
952 |0 0  |1 0  |4 0  |7 0  |8 0  |a SNK  |b SNK  |d 2019-10-22  |i snk2019/26905  |l 0  |o snkČSA 1488/2012  |p 17A1384056  |r 2026-02-21 22:00:28  |t č. jan.-dec.  |w 2026-02-21  |y PREZ 
952 |0 0  |1 0  |4 0  |7 0  |8 0  |a SNK  |b SNK  |d 2019-10-22  |i snk2019/26907  |l 0  |o snkČSA 1488/2013  |p 17A1384057  |r 2026-02-21 22:00:28  |t č. jan.-dec.  |w 2026-02-21  |y PREZ 
952 |0 0  |1 0  |4 0  |7 0  |8 0  |a SNK  |b SNK  |d 2019-10-22  |i snk2019/26923  |l 0  |o snkČSA 1488/2014  |p 17A1384058  |r 2026-02-21 22:00:28  |t č. jan.-dec.  |w 2026-02-21  |y PREZ 
952 |0 0  |1 0  |4 0  |7 0  |8 0  |a SNK  |b SNK  |d 2019-10-22  |i snk2019/26925  |l 0  |o snkČSA 1488/2015  |p 17A1384059  |r 2026-02-21 22:00:28  |t č. jan.-dec.  |w 2026-02-21  |y PREZ 
952 |0 0  |1 0  |4 0  |7 0  |8 0  |a SNK  |b SNK  |d 2019-10-22  |i snk2019/26928  |l 0  |o snkČSA 1488/6/2016  |p 17A1384060  |r 2026-02-21 22:00:28  |t č. jan.-dec.  |w 2026-02-21  |y PREZ 
952 |0 0  |1 0  |4 0  |7 0  |8 0  |a SNK  |b SNK  |d 2019-10-22  |i snk2019/26935  |l 0  |o snkČSA 1488/7/2017  |p 17A1384061  |r 2026-02-21 22:00:28  |t č. jan.-dec.  |w 2026-02-21  |y PREZ 
952 |0 0  |1 0  |4 0  |7 0  |8 0  |a SNK  |b SNK  |d 2019-10-22  |i snk2019/26937  |l 0  |o snkČSA 1488/8/2018  |p 17A1384062  |r 2026-02-21 22:00:28  |t č. jan.-dec.  |w 2026-02-21  |y PREZ